|
|
|
|
| LEADER |
00000nab#a22000007a#4500 |
| 001 |
arbauad004284 |
| 003 |
AR-BaUAD |
| 005 |
20250711110628.0 |
| 008 |
940428|||||||||###||||||b###|0###a|spa|| |
| 040 |
|
|
|a AR-BaUAD
|c AR-BaUAD
|b spa
|
| 100 |
|
|
|a Onosko, Timothy
|
| 245 |
|
|
|a The rise and fall of the classic cartoon /
|c Timothy Onosko;
|
| 300 |
0 |
|
|b p. 86-89, 131 : il., fot.
|
| 653 |
|
|
|a CINE
|
| 653 |
|
|
|a CINE DE ANIMACION
|
| 653 |
|
|
|a ESTADOS UNIDOS
|
| 653 |
|
|
|a WALT DISNEY
|
| 653 |
|
|
|a AVERY, TEX
|
| 653 |
|
|
|a DIRECTORES DE CINE
|
| 773 |
0 |
|
|t VIDEO
|g v. 9, no. 12 [mar. 1986]
|
| 942 |
|
|
|c ARTI
|
| 952 |
|
|
|0 0
|1 0
|4 0
|7 0
|9 49204
|a AR-BAuAD
|b AR-BAuAD
|d 2025-07-11
|l 0
|p AAQA004284
|r 2025-07-11 11:06:28
|w 2025-07-11
|y ARTI
|
| 990 |
|
|
|a C198
|b TD
|
| 998 |
|
|
|a AAQ
|b BIBUN76
|
| 999 |
|
|
|c 28877
|d 28877
|